000
00330nam a22001457a 4500
020
_a
978-81-312-1510-4
082
_a
617.672,C15M
100
_a
MISCH,CARL.E
245
_a
CONTEMPORARY IMPLANT DENTISTRY
250
_a
3RD
260
_a
NEW DELHI
_b
ELSEVIER
_c
2015
300
_a
1102
650
_a
PROSTHODONTICS
942
_2
ddc
_c
BK
999
_c
9873
_d
9873